000 00756nam a2200217Ia 4500
003 GCL
008 140319s9999 xx 000 0 ara d
020 _a6323200977
040 _aGCL /
_cGCL
082 0 4 _a370.15
_bن ت
100 1 _aنصرة عبدالمجيد جلجل
245 1 0 _aالتعلم المدرسى :
_bبحوث نظرية وتطبيقية فى علم النفس التربوى /
_cنصرة عبدالمجيد جلجل
260 _aالقاهرة :
_bمكتبة النهضة المصرية ،
_c2001
300 _a201 ص ؛
_c24 سم
650 0 4 _aالتربية
650 0 4 _aعلم النفس التربوى
650 0 4 _aالتعلم
650 0 4 _aالادراك
650 0 4 _aالانتظام الدراسى
942 _2ddc
_cBK
999 _c6228
_d6228